Lujipeka - Musiques de l'album L.U.J.I. - Statistiques

Statistiques générales
  • Ce quiz a été pris 145 fois
  • Le résultat moyen est 9 sur 14
Statistiques - réponses
L.U.J.I. % Correct
Ahou
87%
Le Soleil
87%
La Lune
84%
Palapalaba
77%
Août 2008
75%
Roxanne
72%
Lâche-moi la Main
71%
Dans la Ciudad
66%
Meme
65%
Contaminé
54%
Refrain
52%
Rampalampam
51%
Die
49%
De Quoi Tu Parles ?
44%
Aucun quiz correspondant
Distribution des résultats
% des personnes avec chaque résultat
Percentile par nombre de réponses
Votre historique - résultats
Vous n’avez pas pris ce quiz